The Bible guide : (Record no. 28661)

000 -LEADER
fixed length control field 00548nam a22001817a 4500
005 - DATE AND TIME OF LATEST TRANSACTION
control field 20260115101431.0
008 - FIXED-LENGTH DATA ELEMENTS--GENERAL INFORMATION
fixed length control field 230906b ||||| |||| 00| 0 eng d
020 ## - INTERNATIONAL STANDARD BOOK NUMBER
International Standard Book Number 9780745951898
040 ## - CATALOGING SOURCE
Transcribing agency SSBUL
082 ## - DEWEY DECIMAL CLASSIFICATION NUMBER
Classification number 220.61
100 1# - MAIN ENTRY--PERSONAL NAME
Personal name Knowles, Andrew,
Dates associated with a name 1946-
9 (RLIN) 5641
245 14 - TITLE STATEMENT
Title The Bible guide :
Remainder of title an all-in-one introduction to the book of books /
Statement of responsibility, etc. Andrew Knowles
260 ## - PUBLICATION, DISTRIBUTION, ETC.
Place of publication, distribution, etc. Oxford,
Name of publisher, distributor, etc. Lion,
Date of publication, distribution, etc. 2006
300 ## - PHYSICAL DESCRIPTION
Extent 718 pages :
Other physical details illustrations ;
Dimensions 25 cm
500 ## - GENERAL NOTE
General note S-KN: Ashin Khemānanda
650 ## - SUBJECT ADDED ENTRY--TOPICAL TERM
Topical term or geographic name entry element Bible
9 (RLIN) 30142
942 ## - ADDED ENTRY ELEMENTS (KOHA)
Source of classification or shelving scheme
Koha item type Book (Short term)
Holdings
Withdrawn status Lost status Source of classification or shelving scheme Damaged status Not for loan Collection code Permanent Location Current Location Shelving location Date acquired Total Checkouts Full call number Barcode Date last seen Price effective from Koha item type Accession
          English Collection Shan State Buddhist University Library Shan State Buddhist University Library English Shelves 06/09/2023   220.61 Kn 1628 EB00001628 06/09/2023 06/09/2023 Book (Short term) 1628

Library - 09407999929
Admin Office - 09407999979
Dean Office - 09250910768
Registrar Office - 09892297154
Email - [email protected]
Shan State Buddhist University, Phaya Phyu Taunggyi, Shan State, Myanmar.